Złota Piłka 2013 - Top 10 - Statystyki

Ogólne statystyki
  • Ten quiz został rozwiązany 441 razy
  • Średni wynik to 8 z 10
Statystyki odpowiedzi
Lp. Klub Kraj Zawodnik % Poprawnych
1 Real Madryt Portugalia Cristiano Ronaldo
98%
2 Barcelona Argentyna Lionel Messi
97%
5 Barcelona Brazylia Neymar
91%
4 PSG Szwecja Zlatan Ibrahimovic
90%
9 Real Madryt Walia Gareth Bale
86%
3 Bayern Francja Franck Ribery
85%
8 Bayern Holandia Arjen Robben
73%
6 Barcelona Hiszpania Andres Iniesta
70%
7 Man United Holandia Robin Van Persie
65%
10 Juventus Włochy Andrea Pirlo
55%
Nie znaleziono quizów pasujących do podanych kryteriów
Rozkład punktacji
Procent ludzi z każdym wynikiem
Percentyl według liczby udzielonych odpowiedzi
Twoja historia wyników
Nie rozwiązałeś tego quizu